BSOP header

Vocabulario de la lengua Tagala / (Record no. 53575)

MARC details
000 -LEADER
fixed length control field 01363cam a2200361 i 4500
001 - CONTROL NUMBER
control field 18335917
005 - DATE AND TIME OF LATEST TRANSACTION
control field 20250317171834.0
008 - FIXED-LENGTH DATA ELEMENTS--GENERAL INFORMATION
fixed length control field 141015r20131860ph d f000 0 spa
010 ## - LIBRARY OF CONGRESS CONTROL NUMBER
LC control number 2014309588
020 ## - INTERNATIONAL STANDARD BOOK NUMBER
International Standard Book Number 9789710197262
040 ## - CATALOGING SOURCE
Original cataloging agency DLC
Language of cataloging eng
Transcribing agency DLC
Description conventions rda
Modifying agency DLC
041 0# - LANGUAGE CODE
Language code of text/sound track or separate title spa
-- tgl
042 ## - AUTHENTICATION CODE
Authentication code lcode
-- pcc
043 ## - GEOGRAPHIC AREA CODE
Geographic area code a-ph---
100 1# - MAIN ENTRY--PERSONAL NAME
Personal name Noceda, Juan José de,
Dates associated with a name 1681-1747,
Relator term author.
245 10 - TITLE STATEMENT
Title Vocabulario de la lengua Tagala /
Statement of responsibility, etc Nina Padre Juan de Noceda at Padre Pedro de Sanlucar ; Virgilio S. Almario, Elvin R. Ebreo, Anna Maria M. Yglopaz, mga editor.
260 ## - PUBLICATION, DISTRIBUTION, ETC. (IMPRINT)
Place of publication, distribution, etc Maynila :
Name of publisher, distributor, etc Komisyon sa Wikang Filipino,
Date of publication, distribution, etc c2013.
300 ## - PHYSICAL DESCRIPTION
Extent xli, 878 pages ;
Dimensions 28 cm
336 ## - CONTENT TYPE
Content Type Term text
Source rdacontent
337 ## - MEDIA TYPE
Media Type Term unmediated
Source rdamedia
338 ## - CARRIER TYPE
Carrier Type Term volume
Source rdacarrier
500 ## - GENERAL NOTE
General note Originally published: Manila : Imprenta de Ramirez y Giraudier, 1860.
520 ## - SUMMARY, ETC.
Summary, etc Tagalog-Spanish and Spanish-Tagalog dictionary.
546 ## - LANGUAGE NOTE
Language note Spanish and Tagalog.
650 #0 - SUBJECT ADDED ENTRY--TOPICAL TERM
Topical term or geographic name as entry element Tagalog language
Form subdivision Dictionaries
General subdivision Spanish.
650 #0 - SUBJECT ADDED ENTRY--TOPICAL TERM
Topical term or geographic name as entry element Spanish language
Form subdivision Dictionaries
General subdivision Tagalog.
700 1# - ADDED ENTRY--PERSONAL NAME
Personal name Sanlucar, Pedro de,
Dates associated with a name 1707-
Relator term author.
700 1# - ADDED ENTRY--PERSONAL NAME
Personal name Almario, Virgilio S.
Relator term editor.
700 1# - ADDED ENTRY--PERSONAL NAME
Personal name Ebreo, Elvin R.
Relator term editor.
700 1# - ADDED ENTRY--PERSONAL NAME
Personal name Yglopaz, Anna Maria M.
Relator term editor.
710 1# - ADDED ENTRY--CORPORATE NAME
Corporate name or jurisdiction name as entry element Philippines.
Subordinate unit Komisyon sa Wikang Filipino,
Relator term publisher.
942 ## - ADDED ENTRY ELEMENTS (KOHA)
Source of classification or shelving scheme Library of Congress Classification
Item type Books
Holdings
Withdrawn status Lost status Source of classification or shelving scheme Damaged status Not for loan Home library Current library Shelving location Date acquired Inventory number Total Checkouts Full call number Barcode Date last seen Price effective from Koha item type
    Library of Congress Classification     BSOP Library BSOP Library Filipiniana Reference 03/17/2025 49744   PL6056 N67 2013 00058958 03/17/2025 03/17/2025 Books
BSOP

Biblical Seminary of the Philippines
  All rights Reserved
  © 2024

CONTACT INFORMATION

Biblical Seminary of the Philippines,
  77-B Karuhatan Road, Valenzuela City,
  PHILIPPINES 1441
  Phone: +632 8292-6795 / 8292-6798
  Fax : +632 8292-6675
  Email: library@bsop.edu.ph